000 01307cam a22003375i 4500
001 17712551
003 EG-ScBUE
005 20230220030607.0
008 130426t2012 enka f bd 001 0 eng d
020 _a9782940411665
040 _aAU@
_beng
_erda
_cAU@
_dSINLB
_dYDXCP
_dUKWOH
_dMEAUC
_dVP@
_dCDX
_dDLC
_dEG-ScBUE
082 0 4 _222
_a778.3
_bFOX
100 1 _aFox, Anna,
_eauthor.
245 1 0 _aBehind the image :
_bresearch in photography /
_cAnna Fox, Natasha Caruana.
264 1 _aLondon ;
_aNew York :
_bBloomsbury Publishing,
_c[2012]
264 4 _cc2012
300 _a168 pages :
_billustrations ;
_c23 cm.
336 _2rdacontent
_atext
_btxt
337 _2rdamedia
_aunmediated
_bn
338 _2rdacarrier
_avolume
_bnc
490 0 _aBasics creative photography ;
_v03
500 _aIncludes glossary.
504 _aIncludes bibliographical references and index.
520 8 _a'Research Methods' is a lively exploration of how to undertake research. It brings together a wide range of different approaches and invites learners to consider innovative approaches to the way they work.
650 7 _aPhotography
_xDigital techniques.
_2BUEsh
_937027
651 _2BUEsh
653 _bCOMAME
_cFebruary2017
655 _vReading book
700 1 _aCaruana, Natasha,
_eauthor.
942 _2ddc
_cBB
999 _c24110
_d24082